书目信息 |
| 题名: |
外国近现代建筑史
|
|
| 作者: | 同济大学等编 | |
| 分册: | ||
| 出版信息: | 北京 中国建筑工业出版社 1982.07 |
|
| 页数: | 304页 | |
| 开本: | 16开 | |
| 丛书名: | ||
| 单 册: | ||
| 中图分类: | TU-091.14 | |
| 科图分类: | ||
| 主题词: | ||
| 电子资源: | ||
| ISBN: | 7-112-00207-9 | |
| 000 | 00500nam0 2200157 45 | |
| 001 | 0199004990 | |
| 005 | 20091215104608.29 | |
| 010 | @a7-112-00207-9@dCNY 9.00 | |
| 100 | @a19990804d km y0chiy0120 ea | |
| 101 | 0 | @achi |
| 200 | 1 | @AWai Guo Jin Xian Dai Jian Zhu Shi@FTONG JI DA XUE DENG BIAN@a外国近现代建筑史@f同济大学等编 |
| 210 | @a北京@c中国建筑工业出版社@d1982.07 | |
| 215 | @a304页@c无图表@d16开 | |
| 690 | @aTU-091.14@v3 | |
| 801 | @aCN@bPftUser@c20091215 | |
| 905 | @dTU-091.14@eT819@b505945-949@f5 | |
| 外国近现代建筑史/同济大学等编.-北京:中国建筑工业出版社,1982.07 |
| 304页:无图表;16开 |
| ISBN 7-112-00207-9:CNY 9.00 |
| ● |
| 相关链接 |
|
|
|
正题名:外国近现代建筑史
索取号:TU-091.14/T819
 
预约/预借
| 序号 | 登录号 | 条形码 | 馆藏地/架位号 | 状态 | 备注 |
| 1 | 209793 | 202097934 | 建筑库101/101建筑库 4排4列3层/ [索取号:TU-091.14/T819] | 在馆 | |
| 2 | 505945 | 205059452 | 建筑库101/101建筑库 4排4列3层/ [索取号:TU-091.14/T819] | 在馆 | |
| 3 | 505946 | 205059461 | 建筑库101/101建筑库 4排4列3层/ [索取号:TU-091.14/T819] | 在馆 | |
| 4 | 505947 | 205059470 | 自科二线404/404自科库 2排1列6层/ [索取号:TU-091.14/T819] | 在馆 | |
| 5 | 505948 | 205059489 | 自科二线404/404自科库 3排6列5层/ [索取号:TU-091.14/T819] | 在馆 | |
| 6 | 505949 | 205059498 | 建筑库101/101建筑库 4排4列3层/ [索取号:TU-091.14/T819] | 在馆 |